| 000 -LEADER |
| fixed length control field |
00893nam a22001337a 4500 |
| 040 ## - CATALOGING SOURCE |
| Transcribing agency |
RUA |
| 082 ## - DEWEY DECIMAL CLASSIFICATION NUMBER |
| Classification number |
VEM HUN 2014 B440 Or.1 |
| 100 ## - MAIN ENTRY--AUTHOR NAME |
| Personal name |
HUN SOKHENG ; ហ៊ុន សុខហេង |
| 245 ## - TITLE STATEMENT |
| Title |
Survey on diarrhea of during breast feeding piglet at oun sinat's farm, doeumtrang village, ornlongromiet commune, kandal steong district, kandal province, អង្កេតលើជំងឹរាកកូនជ្រូក ក្នុងកំឡុងពេលបៅដោះ នៅកសិដ្ឋាន អូន ស៊ីណាត ភូមិដើមត្រំាង ឃុំុអន្លង់រមៀត ស្រុកកណ្ដាលស្ទឹង ខេត្តកណ្ដាល |
| 260 ## - PUBLICATION, DISTRIBUTION, ETC. (IMPRINT) |
| Place of publication |
Phnom Penh |
| Name of publisher |
RUA |
| Year of publication |
2014 |
| 300 ## - PHYSICAL DESCRIPTION |
| Number of Pages |
x ;37p. |
| Other physical details |
ill. |
| Dimensions |
29cm. |
| 856 ## - ELECTRONIC LOCATION AND ACCESS |
| Uniform Resource Identifier |
https://drive.google.com/file/d/1cTlAZTcUK5OvqrrsOY1WVdKx0aj9jE_t/view?usp=sharing |
| 942 ## - ADDED ENTRY ELEMENTS (KOHA) |
| Koha item type |
VEM |
| 952 ## - LOCATION AND ITEM INFORMATION (KOHA) |
| Withdrawn status [LOCAL, KOHA] |
0 |
| 952 ## - LOCATION AND ITEM INFORMATION (KOHA) |
| Withdrawn status [LOCAL, KOHA] |
0 |
| 952 ## - LOCATION AND ITEM INFORMATION (KOHA) |
| Withdrawn status [LOCAL, KOHA] |
0 |
| 952 ## - LOCATION AND ITEM INFORMATION (KOHA) |
| Withdrawn status [LOCAL, KOHA] |
0 |
| 952 ## - LOCATION AND ITEM INFORMATION (KOHA) |
| Withdrawn status [LOCAL, KOHA] |
0 |
| 952 ## - LOCATION AND ITEM INFORMATION (KOHA) |
| Withdrawn status [LOCAL, KOHA] |
0 |
| 952 ## - LOCATION AND ITEM INFORMATION (KOHA) |
| Withdrawn status [LOCAL, KOHA] |
0 |
| 952 ## - LOCATION AND ITEM INFORMATION (KOHA) |
| Withdrawn status [LOCAL, KOHA] |
0 |
| 952 ## - LOCATION AND ITEM INFORMATION (KOHA) |
| Withdrawn status [LOCAL, KOHA] |
0 |
| 952 ## - LOCATION AND ITEM INFORMATION (KOHA) |
| Withdrawn status [LOCAL, KOHA] |
0 |